[Event "ENCI Limburg-open A"]
[Site "Maastricht"]
[Date "2008.05.09"]
[Round "1"]
[White "Goudriaan, Etienne"]
[Black "Braun, Christian1"]
[Result "0-1"]
[WhiteElo "2117"]
[BlackElo "2322"]
[PlyCount "46"]
[EventDate "2008.05.09"]
[EventType "swiss"]
[EventRounds "7"]
[EventCountry "NED"]
[Source "P.Boonen"]
[SourceDate "2010.01.01"]

1. d4 g6 2. c4 Bg7 3. Nc3 d6 4. Nf3 Nc6 5. Bg5 h6 6. Be3 Nf6 7. d5 Na5 8. b3 c5
9. dxc6 Nxc6 10. Rc1 O-O 11. g3 Ng4 12. Bd2 Qb6 13. e3 Nge5 14. Nxe5 Nxe5 15.
Nd5 Qd8 16. Bc3 Bf5 17. Bxe5 Bxe5 18. Bg2 Bb2 19. e4 Bg4 20. Qxg4 Bxc1 21. O-O
Bb2 22. Qh4 e6 23. Ne7+ Kg7 0-1

[Event "ENCI Limburg-open A"]
[Site "Maastricht"]
[Date "2008.05.09"]
[Round "1"]
[White "Haverkamp, Klaus"]
[Black "Lentjes, Noud"]
[Result "1-0"]
[WhiteElo "2018"]
[BlackElo "1899"]
[PlyCount "95"]
[EventDate "2008.05.09"]
[EventType "swiss"]
[EventRounds "7"]
[EventCountry "NED"]
[Source "P.Boonen"]
[SourceDate "2010.01.01"]

1. e4 e6 2. d4 d5 3. Nd2 c5 4. exd5 exd5 5. Bb5+ Bd7 6. Qe2+ Qe7 7. Bxd7+ Nxd7
8. dxc5 Qxe2+ 9. Nxe2 Bxc5 10. Nb3 Bb6 11. Bg5 f6 12. Bh4 Ne7 13. Nbd4 Nc6 14.
O-O-O O-O 15. f3 Nc5 16. Rhe1 Rfe8 17. Bg3 Rac8 18. Kb1 Nxd4 19. Nxd4 Rxe1 20.
Rxe1 Nd3 21. Rd1 Ne5 22. Nf5 Rd8 23. Rxd5 Rxd5 24. Ne7+ Kf7 25. Nxd5 Bc5 26.
Bxe5 fxe5 27. c4 h5 28. Kc2 Ke6 29. b4 Bd4 30. Kd3 Kf5 31. c5 g5 32. g3 g4 33.
Ne3+ Kg5 34. f4+ Kf6 35. Ke4 Ke6 36. Nf5 Bg1 37. fxe5 Bxh2 38. Ng7+ Kf7 39.
Nxh5 Kg6 40. Nf4+ Kf7 41. Ne2 Ke6 42. b5 Kd7 43. Kd5 Ke7 44. a4 Kd7 45. c6+
bxc6+ 46. bxc6+ Kd8 47. Kd6 a5 48. e6 1-0

[Event "ENCI Limburg-open A"]
[Site "Maastricht"]
[Date "2008.05.09"]
[Round "1"]
[White "Hazenberg, Frans"]
[Black "Pevar, Andrew"]
[Result "1/2-1/2"]
[WhiteElo "1986"]
[BlackElo "1831"]
[PlyCount "88"]
[EventDate "2008.05.09"]
[EventType "swiss"]
[EventRounds "7"]
[EventCountry "NED"]
[Source "P.Boonen"]
[SourceDate "2010.01.01"]

1. e4 c5 2. Nf3 Nc6 3. d4 cxd4 4. Nxd4 Nf6 5. Nc3 e5 6. Ndb5 d6 7. Bg5 a6 8.
Na3 b5 9. Nd5 Be7 10. Bxf6 Bxf6 11. c3 O-O 12. Nc2 Bg5 13. h4 Bh6 14. g4 Bf4
15. Qf3 Be6 16. Nxf4 Qf6 17. g5 Qxf4 18. Qxf4 exf4 19. O-O-O Rfd8 20. Kb1 Bg4
21. Rd2 Bf3 22. Rh3 Bxe4 23. Bd3 d5 24. f3 Bxd3 25. Rxd3 Ra7 26. Nd4 Ne5 27.
Rd1 Rb7 28. Rh2 b4 29. Re2 f6 30. cxb4 Rxb4 31. a3 Rb6 32. gxf6 gxf6 33. Rc1
Nc4 34. Ka2 Rdb8 35. b3 Ne3 36. Rc7 R8b7 37. Rc8+ Kg7 38. Re1 h6 39. Ka1 Kh7
40. Rg1 Rg7 41. Rxg7+ Kxg7 42. b4 Kg6 43. Rg8+ Kh5 44. Rh8 Rb7 1/2-1/2

[Event "ENCI Limburg-open A"]
[Site "Maastricht"]
[Date "2008.05.09"]
[Round "1"]
[White "Hermans, Chris"]
[Black "Scholzen, Wolfgang"]
[Result "1/2-1/2"]
[WhiteElo "1866"]
[BlackElo "2000"]
[PlyCount "106"]
[EventDate "2008.05.09"]
[EventType "swiss"]
[EventRounds "7"]
[EventCountry "NED"]
[Source "P.Boonen"]
[SourceDate "2010.01.01"]

1. e4 e5 2. Nf3 Nc6 3. Bb5 a6 4. Ba4 Nf6 5. d3 d6 6. c3 Be7 7. O-O O-O 8. h3 b5
9. Bc2 Bb7 10. Nbd2 d5 11. Qe2 dxe4 12. dxe4 Bc5 13. Rd1 Qe7 14. Nf1 h6 15. Be3
Rfd8 16. Ng3 Bxe3 17. Qxe3 Rxd1+ 18. Rxd1 Rd8 19. Rxd8+ Qxd8 20. Qd2 Qxd2 21.
Nxd2 b4 22. Nc4 bxc3 23. bxc3 Nd7 24. Nf5 Kf8 25. f3 Nc5 26. Nfe3 Bc8 27. Nd5
Be6 28. Nce3 Na7 29. a4 Bxd5 30. Nxd5 c6 31. Ne3 Nc8 32. Nc4 f6 33. Kf2 Ke7 34.
Ke3 Nd6 35. Nb2 Ne6 36. h4 g5 37. hxg5 fxg5 38. g4 Nc5 39. Kd2 Kd7 40. Kc1 Kc7
41. Kb1 Kb6 42. Ka2 Ka5 43. Ka3 Ne6 44. Bb3 Nf4 45. Bc4 Kb6 46. Kb3 Ng2 47. Nd3
Nb7 48. Nxe5 Nc5+ 49. Ka3 Ne1 50. Be2 Ne6 51. a5+ Kxa5 52. Nxc6+ Kb6 53. Nb4
Nf4 1/2-1/2

[Event "ENCI Limburg-open A"]
[Site "Maastricht"]
[Date "2008.05.09"]
[Round "1"]
[White "Hoffmann, Udo"]
[Black "Grandadam, Nicolas"]
[Result "1/2-1/2"]
[WhiteElo "2220"]
[BlackElo "2059"]
[PlyCount "126"]
[EventDate "2008.05.09"]
[EventType "swiss"]
[EventRounds "7"]
[EventCountry "NED"]
[Source "P.Boonen"]
[SourceDate "2010.01.01"]

1. e4 c5 2. b3 d5 3. Bb5+ Bd7 4. Qe2 dxe4 5. Nc3 Nf6 6. Nxe4 Nxe4 7. Bxd7+ Qxd7
8. Qxe4 Nc6 9. Nf3 O-O-O 10. Bb2 e5 11. g4 h5 12. g5 f5 13. gxf6 gxf6 14. O-O-O
Qg4 15. d3 Bh6+ 16. Kb1 Rhg8 17. Rdg1 Qxe4 18. dxe4 Rg4 19. Rxg4 hxg4 20. Nh4
Bg5 21. Nf5 Rd2 22. Rf1 Nd4 23. Nxd4 cxd4 24. Bc1 Re2 25. Bxg5 fxg5 26. f3 gxf3
27. Rxf3 Rxe4 28. Rg3 g4 29. h3 gxh3 30. Rxh3 Kc7 31. Rh7+ Kc6 32. Rh6+ Kc5 33.
Rh7 Kb6 34. Rh6+ Ka5 35. Rh7 Re1+ 36. Kb2 Ka6 37. a4 e4 38. Re7 e3 39. Re6+ Ka5
40. Ka3 b6 41. b4+ Ka6 42. Re7 b5 43. Re6+ Kb7 44. axb5 e2 45. Kb2 Kc8 46. Re4
Kc7 47. Ka2 Kd6 48. Rxd4+ Ke5 49. Rd8 Ra1+ 50. Kxa1 e1=Q+ 51. Ka2 Qxb4 52. Rd3
Qxb5 53. Ka1 a5 54. Ka2 a4 55. Ka1 Qb4 56. Ka2 Ke4 57. Ra3 Kd5 58. Rd3+ Kc4 59.
Ra3 Kb5 60. Rd3 Qc4+ 61. Kb2 Kb4 62. Ra3 Qc5 63. Rd3 Qa7 1/2-1/2

[Event "ENCI Limburg-open A"]
[Site "Maastricht"]
[Date "2008.05.09"]
[Round "1"]
[White "Hoynck van Papendrecht, Frans"]
[Black "Kodentsov, Grisja"]
[Result "1/2-1/2"]
[WhiteElo "2104"]
[BlackElo "2275"]
[PlyCount "135"]
[EventDate "2008.05.09"]
[EventType "swiss"]
[EventRounds "7"]
[EventCountry "NED"]
[Source "P.Boonen"]
[SourceDate "2010.01.01"]

1. e4 c5 2. Nf3 d6 3. d4 cxd4 4. Nxd4 Nf6 5. Nc3 a6 6. Be3 e5 7. Nb3 Be6 8. Be2
Be7 9. Nd5 Nbd7 10. Nxe7 Qxe7 11. Bf3 O-O 12. O-O Rac8 13. c3 Rfd8 14. Re1 h6
15. Qc2 Nb8 16. Rad1 Qc7 17. Rd2 Nc6 18. Qd1 b5 19. g4 Nh7 20. h4 Qe7 21. Kg2
Qxh4 22. Bb6 Re8 23. Rh1 Qg5 24. Be3 Qg6 25. Rxd6 Nf6 26. Nc5 Bxg4 27. Bxg4
Qxg4+ 28. Qxg4 Nxg4 29. Bc1 a5 30. Kf3 Nf6 31. Bxh6 Red8 32. Rxd8+ Rxd8 33. Bg5
Rd6 34. Nb7 Rd7 35. Nc5 Rd6 36. Nb7 Rd7 37. Nc5 Rc7 38. Bxf6 gxf6 39. Rd1 Kf8
40. Nd7+ Ke7 41. Nb6 Ke6 42. Ke3 Ne7 43. f4 f5 44. fxe5 Kxe5 45. Nd7+ Ke6 46.
Nf8+ Kf6 47. Nd7+ Ke6 48. Nf8+ Kf6 49. Nd7+ Kg7 50. exf5 Nxf5+ 51. Kf4 Ne7 52.
Ke5 Ng6+ 53. Kd6 Rc8 54. Rd5 b4 55. cxb4 axb4 56. Rb5 Ra8 57. Rxb4 Rxa2 58. Nc5
f5 59. Ke6 f4 60. Kf5 Ne7+ 61. Kg4 Ng6 62. Ne6+ Kf6 63. Nxf4 Nxf4 64. Kxf4 Ke6
65. Ke4 Kd6 66. Kd4 Kc6 67. Kc4 Ra1 68. Rb8 1/2-1/2

[Event "ENCI Limburg-open A"]
[Site "Maastricht"]
[Date "2008.05.09"]
[Round "1"]
[White "Huppertz, Andrea"]
[Black "Staudte, Rainer"]
[Result "1/2-1/2"]
[WhiteElo "1839"]
[BlackElo "1990"]
[PlyCount "54"]
[EventDate "2008.05.09"]
[EventType "swiss"]
[EventRounds "7"]
[EventCountry "NED"]
[Source "P.Boonen"]
[SourceDate "2010.01.01"]

1. d4 d5 2. Bf4 Nf6 3. e3 e6 4. Nf3 Bd6 5. Ne5 O-O 6. Nd2 c5 7. c3 Nc6 8. Bd3
Qe7 9. Qf3 Bd7 10. g4 Ne8 11. Qh3 g6 12. Qg3 cxd4 13. exd4 f6 14. Nxd7 Qxd7 15.
Bxd6 Nxd6 16. f4 e5 17. fxe5 fxe5 18. dxe5 Nxe5 19. h3 Nxd3+ 20. Qxd3 Rae8+ 21.
Kd1 Qc6 22. Kc2 Ne4 23. Rhf1 Nxd2 24. Qxd2 d4 25. Rxf8+ Rxf8 26. Qxd4 Qg2+ 27.
Kb3 Rf2 1/2-1/2

[Event "ENCI Limburg-open A"]
[Site "Maastricht"]
[Date "2008.05.09"]
[Round "1"]
[White "Jacobsen, Mads Holger"]
[Black "Snoeck, Rene"]
[Result "1-0"]
[WhiteElo "1809"]
[BlackElo "1942"]
[PlyCount "42"]
[EventDate "2008.05.09"]
[EventType "swiss"]
[EventRounds "7"]
[EventCountry "NED"]
[Source "P.Boonen"]
[SourceDate "2010.01.01"]

1. d4 d5 2. c4 e6 3. Nc3 Nf6 4. Bg5 Be7 5. Nf3 Nbd7 6. e3 O-O 7. Bd3 a6 8. O-O
dxc4 9. Bxc4 b5 10. Bd3 c5 11. Rc1 Bb7 12. Re1 Rc8 13. Bb1 Re8 14. a3 b4 15.
axb4 cxb4 16. Na4 Qa5 17. Bxf6 Bxf6 18. b3 Rxc1 19. Qxc1 Rc8 20. Qd1 Qh5 21.
Nd2 e5 1-0

[Event "ENCI Limburg-open A"]
[Site "Maastricht"]
[Date "2008.05.09"]
[Round "1"]
[White "Kalla, Christian"]
[Black "Taverniers, Peter"]
[Result "1/2-1/2"]
[WhiteElo "1964"]
[BlackElo "1810"]
[PlyCount "48"]
[EventDate "2008.05.09"]
[EventType "swiss"]
[EventRounds "7"]
[EventCountry "NED"]
[Source "P.Boonen"]
[SourceDate "2010.01.01"]

1. e4 b6 2. d4 Bb7 3. Nc3 Nf6 4. Bd3 e6 5. Nf3 Bb4 6. Qe2 d6 7. Bd2 Nbd7 8. O-O
O-O 9. a3 Bxc3 10. Bxc3 c5 11. Rad1 Qc7 12. dxc5 Nxc5 13. Bxf6 gxf6 14. Nd4 Kh8
15. Nb5 Qe7 16. c4 a6 17. Nc3 Rg8 18. Bc2 Rg7 19. b4 Nd7 20. f4 f5 21. g3 Rag8
22. Kf2 Nf6 23. exf5 Ng4+ 24. Ke1 Qf6 1/2-1/2

[Event "ENCI Limburg-open A"]
[Site "Maastricht"]
[Date "2008.05.09"]
[Round "1"]
[White "Kamps, Sjaak"]
[Black "Ringoir, Tanguy"]
[Result "0-1"]
[WhiteElo "2089"]
[BlackElo "2252"]
[PlyCount "102"]
[EventDate "2008.05.09"]
[EventType "swiss"]
[EventRounds "7"]
[EventCountry "NED"]
[Source "P.Boonen"]
[SourceDate "2010.01.01"]

1. e4 c5 2. Nc3 a6 3. a4 Nc6 4. f4 e6 5. Nf3 d5 6. d3 Nf6 7. e5 Nd7 8. g3 Be7
9. Bh3 O-O 10. O-O Qc7 11. Qe2 Rb8 12. Bg4 b5 13. axb5 axb5 14. h4 Nd4 15. Nxd4
cxd4 16. Nd1 Bb7 17. c3 dxc3 18. bxc3 Ra8 19. Rxa8 Rxa8 20. Be3 b4 21. cxb4
Bxb4 22. Nf2 Qc3 23. Rc1 Ra1 24. Rxa1 Qxa1+ 25. Qf1 Qc3 26. Nd1 Qb3 27. d4 Qc4
28. Be2 Qc7 29. f5 exf5 30. Qxf5 Nf8 31. Bd3 Qa5 32. h5 Bd2 33. Bf2 Be1 34. Qf3
Bxf2+ 35. Qxf2 Qa1 36. Bc2 Ne6 37. Kg2 Nxd4 38. h6 Nxc2 39. Qb6 Qa8 40. e6 d4+
41. Kh2 Bd5 42. e7 Qe8 43. Qc7 Ne1 44. Kg1 gxh6 45. Kf2 Nf3 46. Qd8 Bc6 47.
Qxe8+ Bxe8 48. Kxf3 f5 49. Kf4 Kf7 50. Ke5 d3 51. Kd4 Ba4 0-1

[Event "ENCI Limburg-open A"]
[Site "Maastricht"]
[Date "2008.05.09"]
[Round "1"]
[White "Klein, Gernot"]
[Black "Admiraal, Miguoel"]
[Result "1/2-1/2"]
[WhiteElo "2024"]
[BlackElo "1908"]
[PlyCount "84"]
[EventDate "2008.05.09"]
[EventType "swiss"]
[EventRounds "7"]
[EventCountry "NED"]
[Source "P.Boonen"]
[SourceDate "2010.01.01"]

1. e4 c5 2. Nf3 e6 3. d4 cxd4 4. Nxd4 Nc6 5. Nc3 Qc7 6. Be3 a6 7. Bd3 Nf6 8.
O-O Ne5 9. h3 b5 10. f4 Nc4 11. Bxc4 Qxc4 12. e5 Nd5 13. Nxd5 Qxd5 14. Qe2 Bb7
15. Rfd1 Qe4 16. Qf3 Qxf3 17. Nxf3 Rc8 18. Rd2 Bd5 19. Rad1 Be7 20. Bf2 O-O 21.
Nh2 Rc4 22. g3 Rfc8 23. c3 b4 24. Bd4 bxc3 25. Bxc3 Bc5+ 26. Kf1 h5 27. Rd3 Ra4
28. Rxd5 exd5 29. Rxd5 h4 30. Kg2 hxg3 31. Kxg3 Rc7 32. f5 Rxa2 33. Ng4 Ba3 34.
Ba5 Rc5 35. Rxd7 Rxa5 36. bxa3 R2xa3+ 37. Kh4 R3a4 38. Kg5 Re4 39. Rd8+ Kh7 40.
Rd7 Kg8 41. Rd8+ Kh7 42. Rd7 Kg8 1/2-1/2

[Event "ENCI Limburg-open A"]
[Site "Maastricht"]
[Date "2008.05.09"]
[Round "1"]
[White "Klein, Leo"]
[Black "Van Kooten, Luuk"]
[Result "0-1"]
[WhiteElo "2081"]
[BlackElo "2250"]
[PlyCount "74"]
[EventDate "2008.05.09"]
[EventType "swiss"]
[EventRounds "7"]
[EventCountry "NED"]
[Source "P.Boonen"]
[SourceDate "2010.01.01"]

1. d4 Nf6 2. Nf3 g6 3. Bf4 Bg7 4. e3 d6 5. h3 O-O 6. Be2 Nbd7 7. Nbd2 Qe8 8.
O-O e5 9. dxe5 dxe5 10. Bh2 Qe7 11. c3 h5 12. Qc2 Nh7 13. e4 Ng5 14. Nxg5 Qxg5
15. Nf3 Qe7 16. Rad1 Nb6 17. Bg3 a5 18. Nd2 h4 19. Bh2 Be6 20. b3 Rad8 21. Nf3
Nd7 22. Nd2 Bh6 23. Nc4 b6 24. Kh1 Bf4 25. Nd2 Bxh2 26. Kxh2 Qg5 27. Nf3 Qf4+
28. g3 hxg3+ 29. fxg3 Qe3 30. Rde1 Qh6 31. Ng1 Nc5 32. Rd1 Qe3 33. Bf3 Kg7 34.
b4 axb4 35. cxb4 Ra8 36. Qc1 Rxa2+ 37. Bg2 Qxe4 0-1

[Event "ENCI Limburg-open A"]
[Site "Maastricht"]
[Date "2008.05.09"]
[Round "1"]
[White "Koehnke, Torben"]
[Black "Floor, Dirk"]
[Result "0-1"]
[WhiteElo "2073"]
[BlackElo "2221"]
[PlyCount "110"]
[EventDate "2008.05.09"]
[EventType "swiss"]
[EventRounds "7"]
[EventCountry "NED"]
[Source "P.Boonen"]
[SourceDate "2010.01.01"]

1. e4 e6 2. d4 d5 3. Nc3 Nf6 4. Bg5 Be7 5. Bxf6 Bxf6 6. e5 Be7 7. Qg4 O-O 8.
Nf3 c5 9. Bd3 Nd7 10. h4 f5 11. exf6 Nxf6 12. Qg3 cxd4 13. Nxd4 Qd6 14. Qxd6
Bxd6 15. O-O e5 16. Nf5 Bb4 17. f3 Bc5+ 18. Kh2 Bd7 19. g4 Rae8 20. Kg3 g6 21.
Nh6+ Kg7 22. g5 Nh5+ 23. Kh2 Rf4 24. Ng4 e4 25. Nxd5 exd3 26. Nxf4 Nxf4 27.
cxd3 Re2+ 28. Kh1 Nh5 29. Rg1 Bc6 30. Raf1 Bxg1 31. Kxg1 Ng3 32. Rf2 Rxf2 33.
Kxf2 Nf5 34. Ne5 Bd5 35. a4 Nxh4 36. b4 Nf5 37. f4 h5 38. gxh6+ Nxh6 39. b5 Nf7
40. Nd7 Nd6 41. b6 a5 42. Ke3 Nf5+ 43. Kf2 Kf7 44. Ne5+ Kf6 45. Ke2 Ke6 46.
Nxg6 Kd6 47. Kd2 Kc5 48. Kc3 Kxb6 49. Ne5 Kc5 50. Nd7+ Kc6 51. Ne5+ Kc7 52. Kb2
Nd4 53. Ka3 Kd6 54. Kb2 Ne2 55. Ng6 Ke6 0-1

[Event "ENCI Limburg-open A"]
[Site "Maastricht"]
[Date "2008.05.09"]
[Round "1"]
[White "Koenig, Christian"]
[Black "Jones, Gawain C"]
[Result "0-1"]
[WhiteElo "2174"]
[BlackElo "2522"]
[PlyCount "63"]
[EventDate "2008.05.09"]
[EventType "swiss"]
[EventRounds "7"]
[EventCountry "NED"]
[Source "P.Boonen"]
[SourceDate "2010.01.01"]

1. d4 Nf6 2. c4 c5 3. d5 b5 4. cxb5 a6 5. bxa6 g6 6. Nc3 Bxa6 7. g3 d6 8. Bg2
Bg7 9. Nf3 Nbd7 10. Rb1 Nb6 11. b3 Bc8 12. Nd2 Bf5 13. e4 Bc8 14. O-O Ba6 15.
Re1 Bd3 16. Rb2 Nfd7 17. Ndb1 Bxb1 18. Nxb1 Bxb2 19. Bxb2 O-O 20. Nc3 Qc7 21.
f4 c4 22. b4 Na4 23. Nxa4 Qa7+ 24. Kh1 Qxa4 25. Qd4 f6 26. a3 Qb3 27. Re3 Qc2
28. Bh3 Qb1+ 29. Kg2 Ne5 30. Be6+ Kg7 31. Bc3 Rxa3 32. Qd1 0-1

[Event "ENCI Limburg-open A"]
[Site "Maastricht"]
[Date "2008.05.09"]
[Round "1"]
[White "Kotronias, Vasilios"]
[Black "Dek, Lennart"]
[Result "1-0"]
[WhiteElo "2611"]
[BlackElo "2191"]
[PlyCount "63"]
[EventDate "2008.05.09"]
[EventType "swiss"]
[EventRounds "7"]
[EventCountry "NED"]
[Source "P.Boonen"]
[SourceDate "2010.01.01"]

1. e4 c5 2. Nc3 Nc6 3. Nf3 Nf6 4. d4 cxd4 5. Nxd4 e5 6. Ndb5 d6 7. Nd5 Nxd5 8.
exd5 Nb8 9. c4 Be7 10. Be2 O-O 11. O-O f5 12. c5 a6 13. cxd6 Bxd6 14. Nxd6 Qxd6
15. f4 e4 16. Be3 b6 17. Rc1 Bb7 18. Qb3 Bxd5 19. Bc4 Bxc4 20. Qxc4+ Kh8 21.
Rfd1 Qe7 22. Qa4 Qb7 23. Rd6 b5 24. Qd4 a5 25. Rc5 Qe7 26. Rxb5 a4 27. Qd5 Ra6
28. Rxa6 Nxa6 29. Rb7 Qh4 30. g3 Qd8 31. Rd7 Qe8 32. Bd4 1-0

[Event "ENCI Limburg-open A"]
[Site "Maastricht"]
[Date "2008.05.09"]
[Round "1"]
[White "Luther, Thomas"]
[Black "Simenon, Jozef"]
[Result "1-0"]
[WhiteElo "2539"]
[BlackElo "2182"]
[PlyCount "101"]
[EventDate "2008.05.09"]
[EventType "swiss"]
[EventRounds "7"]
[EventCountry "NED"]
[Source "P.Boonen"]
[SourceDate "2010.01.01"]

1. e4 c5 2. Nf3 g6 3. d4 cxd4 4. Nxd4 Nc6 5. c4 Bg7 6. Be3 Nf6 7. Nc3 O-O 8.
Be2 d6 9. O-O Nxd4 10. Bxd4 Be6 11. Re1 Qc7 12. Nd5 Bxd5 13. exd5 a5 14. Bf1
Rfe8 15. Rc1 Nd7 16. Bxg7 Kxg7 17. Qd4+ Kg8 18. Rc3 a4 19. Rce3 Nf8 20. h4 e5
21. dxe6 Rxe6 22. g3 Qc5 23. Qd2 Rae8 24. Rxe6 Rxe6 25. Rd1 Nd7 26. b4 axb3 27.
axb3 Ne5 28. Bg2 Qb6 29. Qe3 Qxe3 30. fxe3 Ng4 31. e4 Ne3 32. Rd2 Nxg2 33. Kxg2
Rxe4 34. Rxd6 Re7 35. g4 Kg7 36. Rb6 Kf8 37. Kf3 Ke8 38. Kf4 Kf8 39. c5 h6 40.
b4 Kg7 41. Rd6 f6 42. Rd5 Kf7 43. h5 Ke6 44. Ke4 Kf7+ 45. Kd4 gxh5 46. Rxh5 Kg6
47. b5 Re1 48. c6 bxc6 49. bxc6 Rg1 50. Rc5 Rxg4+ 51. Ke3 1-0

[Event "ENCI Limburg-open A"]
[Site "Maastricht"]
[Date "2008.05.09"]
[Round "1"]
[White "Memarian, Milad"]
[Black "Wallace, Mitchel"]
[Result "1-0"]
[WhiteElo "1939"]
[BlackElo "1773"]
[PlyCount "67"]
[EventDate "2008.05.09"]
[EventType "swiss"]
[EventRounds "7"]
[EventCountry "NED"]
[Source "P.Boonen"]
[SourceDate "2010.01.01"]

1. d4 d6 2. c4 Nf6 3. Nc3 c6 4. e4 Nbd7 5. Be3 e5 6. d5 Be7 7. f3 h6 8. Qd2 a5
9. Bd3 Nf8 10. Nge2 g5 11. Bc2 Ng6 12. g3 Bd7 13. Na4 c5 14. Nac3 Qb6 15. O-O
Rg8 16. Kh1 Bh3 17. Rfb1 Qd8 18. a3 Qc8 19. b4 cxb4 20. axb4 Qxc4 21. bxa5 Nf4
22. Rg1 Nxe2 23. Nxe2 Rc8 24. Bb3 Qc7 25. Bb6 Qb8 26. Rgb1 Nd7 27. Qb4 Nxb6 28.
Qxb6 Rc7 29. a6 Bd8 30. a7 Qa8 31. Qxd6 b6 32. g4 f6 33. Ba4+ Kf7 34. Bc6 1-0

[Event "ENCI Limburg-open A"]
[Site "Maastricht"]
[Date "2008.05.09"]
[Round "1"]
[White "Morren, Eric Jan"]
[Black "Lafosse, Jimmy"]
[Result "0-1"]
[WhiteElo "1804"]
[BlackElo "1956"]
[PlyCount "88"]
[EventDate "2008.05.09"]
[EventType "swiss"]
[EventRounds "7"]
[EventCountry "NED"]
[Source "P.Boonen"]
[SourceDate "2010.01.01"]

1. c4 Nc6 2. g3 e5 3. Bg2 g6 4. Nc3 Bg7 5. Nf3 Nge7 6. d3 O-O 7. O-O f5 8. e4
d6 9. Bg5 h6 10. Bd2 f4 11. Ne1 g5 12. g4 h5 13. h3 hxg4 14. hxg4 Ng6 15. f3
Nd4 16. Ne2 Qf6 17. Nxd4 exd4 18. Bh3 Kf7 19. Rf2 Rh8 20. Rh2 Be6 21. Bf1 Rxh2
22. Kxh2 Rh8+ 23. Kg1 Nh4 24. Qe2 Qh6 25. Bg2 Be5 26. Rb1 b6 27. b4 c5 28. b5
Ke7 29. a4 Ng6 30. Qf2 Qh2+ 31. Kf1 Rf8 32. Qg1 Qh6 33. Ke2 Nh4 34. Bh1 Ng6 35.
Bg2 Bh8 36. Nc2 Ne5 37. Rf1 Nxc4 38. dxc4 Bxc4+ 39. Kd1 Bxf1 40. Bxf1 Qe6 41.
Qh2 Bf6 42. Qh7+ Rf7 43. Qg8 Qb3 44. Qc8 Qb1+ 0-1

[Event "ENCI Limburg-open A"]
[Site "Maastricht"]
[Date "2008.05.09"]
[Round "1"]
[White "Nabuurs, Mart"]
[Black "Konings, Frans"]
[Result "0-1"]
[WhiteElo "2093"]
[BlackElo "2262"]
[PlyCount "84"]
[EventDate "2008.05.09"]
[EventType "swiss"]
[EventRounds "7"]
[EventCountry "NED"]
[Source "P.Boonen"]
[SourceDate "2010.01.01"]

1. e4 d6 2. d4 Nf6 3. Nc3 g6 4. Be3 c6 5. h3 Nbd7 6. Qd2 b5 7. Bd3 Bb7 8. f4
Bg7 9. Nf3 O-O 10. O-O b4 11. Ne2 c5 12. d5 c4 13. Bxc4 Nxe4 14. Qxb4 Qc7 15.
Bb3 Ndc5 16. Ned4 a5 17. Qa3 Ba6 18. Ba4 Nxa4 19. Qxa4 Nf6 20. Nb5 Qd7 21. c4
Nxd5 22. Bd4 Bxd4+ 23. Nfxd4 Nb6 24. Qb3 Rab8 25. a4 e5 26. Ne2 d5 27. fxe5
Nxc4 28. Ned4 Nxe5 29. Qg3 Nc6 30. Nxc6 Qxc6 31. Rac1 Qb6+ 32. Kh1 Bxb5 33.
axb5 Qxb5 34. Rf2 Rfd8 35. Qc7 Rd7 36. Qc2 d4 37. Rd1 d3 38. Qc3 Rbd8 39. Rfd2
Qf5 40. Ra1 Rd5 41. b4 Rc8 42. Qb3 Rb8 0-1

[Event "ENCI Limburg-open A"]
[Site "Maastricht"]
[Date "2008.05.09"]
[Round "1"]
[White "Ouwersloot, Hans"]
[Black "Skrobic, Dragan"]
[Result "1-0"]
[WhiteElo "2038"]
[BlackElo "1918"]
[PlyCount "72"]
[EventDate "2008.05.09"]
[EventType "swiss"]
[EventRounds "7"]
[EventCountry "NED"]
[Source "P.Boonen"]
[SourceDate "2010.01.01"]

1. e4 g6 2. d4 Bg7 3. Nc3 d6 4. Be3 c6 5. Qd2 Nd7 6. h4 h5 7. Nh3 e5 8. Ng5 Nh6
9. f3 b5 10. d5 b4 11. dxc6 bxc3 12. cxd7+ Bxd7 13. Qxc3 f6 14. Nh3 Nf7 15. Bc4
O-O 16. Rd1 Rc8 17. Bxf7+ Rxf7 18. Qd2 Kh7 19. b3 Rc6 20. c4 Be6 21. Ng1 Bf8
22. Ne2 Be7 23. Nc3 f5 24. Bf2 Bf8 25. Nd5 fxe4 26. fxe4 Bh6 27. Be3 Bg7 28.
Bg5 Qd7 29. Qd3 Rc8 30. Ne3 Bg4 31. Rd2 Bf8 32. Rf1 Rxf1+ 33. Kxf1 Be6 34. Rf2
Bg7 35. Kg1 a5 36. Nd5 a4 1-0

[Event "ENCI Limburg-open A"]
[Site "Maastricht"]
[Date "2008.05.09"]
[Round "1"]
[White "Pastoor, Ernst Jan"]
[Black "Scheeren, Fred"]
[Result "0-1"]
[WhiteElo "1814"]
[BlackElo "1968"]
[PlyCount "72"]
[EventDate "2008.05.09"]
[EventType "swiss"]
[EventRounds "7"]
[EventCountry "NED"]
[Source "P.Boonen"]
[SourceDate "2010.01.01"]

1. d4 d5 2. g3 g6 3. Bg2 Bg7 4. c3 Nf6 5. Nf3 O-O 6. O-O b6 7. Nbd2 Bb7 8. Qb3
Nbd7 9. Rd1 c5 10. Nf1 Qc8 11. Bf4 Ba6 12. Re1 Re8 13. Ne5 Bb7 14. Rad1 e6 15.
Nd2 h6 16. Ndf3 g5 17. Bc1 g4 18. Nh4 Nxe5 19. dxe5 Nd7 20. e4 dxe4 21. Bxe4
Bxe4 22. Rxe4 Nxe5 23. Bxh6 Qb7 24. Qc2 f5 25. Bxg7 Qxg7 26. Re2 Rad8 27. Rde1
Nd3 28. Rd1 c4 29. Qa4 Qb7 30. Red2 b5 31. Qa5 Rd7 32. b3 Rh7 33. bxc4 bxc4 34.
Re2 Rxh4 35. Qa4 Re7 36. Qxc4 Rxh2 0-1

[Event "ENCI Limburg-open A"]
[Site "Maastricht"]
[Date "2008.05.09"]
[Round "1"]
[White "Pel, Bonno"]
[Black "Merx, Bob"]
[Result "1-0"]
[WhiteElo "2288"]
[BlackElo "2106"]
[PlyCount "55"]
[EventDate "2008.05.09"]
[EventType "swiss"]
[EventRounds "7"]
[EventCountry "NED"]
[Source "P.Boonen"]
[SourceDate "2010.01.01"]

1. Nc3 Nf6 2. d4 d5 3. Bg5 Bf5 4. Bxf6 gxf6 5. e3 c6 6. Bd3 Bg6 7. f4 Bxd3 8.
Qxd3 e6 9. Nf3 Bd6 10. O-O-O Nd7 11. g4 Qc7 12. Kb1 h5 13. g5 f5 14. Ne2 b5 15.
Rhg1 Nb6 16. Ne5 Bxe5 17. fxe5 O-O-O 18. Nf4 Rdg8 19. g6 Qe7 20. Qe2 h4 21. Rg2
Nd7 22. gxf7 Qxf7 23. Rdg1 Nf8 24. a4 a6 25. Ka2 Kb7 26. Rxg8 Rxg8 27. Rxg8
Qxg8 28. Qh5 1-0

[Event "ENCI Limburg-open A"]
[Site "Maastricht"]
[Date "2008.05.09"]
[Round "1"]
[White "Pham, Toan Thanh"]
[Black "Lammens, Tim"]
[Result "1/2-1/2"]
[WhiteElo "2111"]
[BlackElo "2294"]
[PlyCount "68"]
[EventDate "2008.05.09"]
[EventType "swiss"]
[EventRounds "7"]
[EventCountry "NED"]
[Source "P.Boonen"]
[SourceDate "2010.01.01"]

1. e4 c5 2. Nf3 d6 3. d4 cxd4 4. Nxd4 Nf6 5. Nc3 g6 6. Be3 Bg7 7. f3 Nc6 8. Qd2
O-O 9. O-O-O d5 10. exd5 Nxd5 11. Nxc6 bxc6 12. Bd4 Bxd4 13. Qxd4 Qc7 14. Bc4
e5 15. Qd2 Be6 16. Ne4 Rad8 17. Bxd5 Qe7 18. Qg5 Qxg5+ 19. Nxg5 Bxd5 20. b3 f6
21. Ne4 Kf7 22. Nc5 Ke7 23. c4 Bf7 24. Nb7 Rb8 25. Nc5 Rfd8 26. Kc2 g5 27. g4
Bg6+ 28. Kc3 h5 29. h3 f5 30. Rhe1 Rxd1 31. Rxd1 hxg4 32. Rd7+ Kf6 33. Rd6+ Kf7
34. Rd7+ Kf6 1/2-1/2

[Event "ENCI Limburg-open A"]
[Site "Maastricht"]
[Date "2008.05.09"]
[Round "1"]
[White "Picard, Romain"]
[Black "Sadallah, Osama"]
[Result "0-1"]
[WhiteElo "2368"]
[BlackElo "2149"]
[PlyCount "57"]
[EventDate "2008.05.09"]
[EventType "swiss"]
[EventRounds "7"]
[EventCountry "NED"]
[Source "P.Boonen"]
[SourceDate "2010.01.01"]

1. e4 c5 2. Nf3 g6 3. d4 cxd4 4. Qxd4 Nf6 5. Nc3 Nc6 6. Qa4 Bg7 7. e5 Ng8 8.
Bf4 Nh6 9. h3 O-O 10. O-O-O Qb6 11. Nd5 Qd8 12. Kb1 Kh8 13. g4 Ng8 14. Bb5 e6
15. Ne3 f6 16. exf6 Qxf6 17. c3 Qxf4 18. Nd4 Nxd4 19. cxd4 Nf6 20. Qa3 d5 21.
g5 Qxg5 22. f4 Qxf4 23. Ng4 Ne4 24. Ne5 a6 25. Ka1 Bxe5 26. dxe5 Qh6 27. Rhf1
Kg8 28. Bd3 Nf2 29. Bxg6 0-1